Perason NEET Foundation : (Record no. 198244)

MARC details
000 -LEADER
fixed length control field 00610nam a22001697a 4500
005 - DATE AND TIME OF LATEST TRANSACTION
control field 20230918113746.0
010 ## - LCCN (DPL NO)
LC control number ENG-138074
020 ## - INTERNATIONAL STANDARD BOOK NUMBER
International Standard Book Number 9789390394463
Terms of availability 750.00
035 ## - SYSTEM CONTROL NUMBER
System control number EN-121606
037 ## - SOURCE OF ACQUISITION
Source of stock number/acquisition DBAD/PUB
082 ## - DEWEY DECIMAL CLASSIFICATION NUMBER
Classification number 500
245 ## - TITLE STATEMENT
Title Perason NEET Foundation :
Remainder of title Physics, Chemistry and Biology (Based on NCERT Curriculum)/
260 ## - PUBLICATION, DISTRIBUTION, ETC. (IMPRINT)
Place of publication, distribution, etc Uttar Pradesh
Name of publisher, distributor, etc Pearson India Education Services Pvt. Ltd.
Date of publication, distribution, etc 2021
270 ## - ADDRESS
Address 15th Floor, Tower- B, World Trade Tower, Plot No. 1, Block-C, Sector-16
City Noida, Uttar Pradesh
Postal code 201301
300 ## - PHYSICAL DESCRIPTION
Extent v.p.
Dimensions 26cm(pbk)
942 ## - ADDED ENTRY ELEMENTS (KOHA)
Source of classification or shelving scheme Dewey Decimal Classification
Item type English Books
Classification part 500
Call number suffix PEA
Holdings
Withdrawn status Lost status Not for loan Collection code Home library Current library Date acquired Source of acquisition Cost, normal purchase price Full call number Barcode Copy number Cost, replacement price Koha item type
      Non-fiction Tri Nagar Tri Nagar 18/09/2023 DBAD/PUB 750.00 500 PEA EN-121606 1 750.00 English Books

© Delhi Public Library
Hit Counter
free hit counter